000 00447nam a22001697a 4500
003 OSt
005 20140310183106.0
008 130305t xxu||||| |||| 00| 0 eng d
050 _aDS 686.6
_b.P43 1986
100 _aPedrosa, Carmen Navarro
245 _aThe untold story of Imelda Marcos /
_cCarmen Navarro Pedrosa
260 _aRizal :
_bTandem,
_c1986.
300 _a231 p. :
_c17 cm
562 _e1
942 _2lcc
_cBK
_kFLIR
999 _c18791
_d18791